000 00475nab a2200145Ia 4500
003 ES-SlBCS
005 20220906011052.0
008 140529s1979 xxu||||| |||| 00| 0 eng d
041 _aeng
100 1 _aZimmerman, Michael E.
_950143
245 0 0 _aHeidegger's Completion of Sein und Zeit
_c Michael E. Zimmerman
600 1 0 _aHeidegger, Martín
_d(1889-1976)
_917559
773 0 _tPhilosophy and Phenomenological Research
_gvol. 39, 1979, págs. 537-560
_wRev1411
942 _cAR
999 _c527225
_d527225